European Cities by AI-Generated Images - Statistics

General Stats
  • This quiz has been taken 1,179 times
  • The average score is 16 of 20
Answer Stats
Picture Answer % Correct
Paris
100%
London
99%
Rome
98%
Amsterdam
97%
Venice
97%
Barcelona
93%
Athens
91%
Budapest
83%
Lisbon
82%
Istanbul
81%
Prague
80%
Milan
79%
Florence
77%
Madrid
74%
Vienna
68%
Brussels
67%
Kyiv
56%
Warsaw
54%
Dubrovnik
52%
Sarajevo
28%
No matching quizzes found
Score Distribution
Percent of People with Each Score
Percentile by Number Answered
Your Score History
You have not taken this quiz